000
00182 a2200097 4500
020
_a
9789682929748
041
_a
spa
100
_a
Anonimo
245
_a
Coplas al Viento
942
_c
BK
999
_c
14578
_d
14578